000 01146nam a2200289 a 4500
001 37436
003 BD-RjUL
005 20211209052617.0
008 15 s1978 ii a b 100 0 eng
035 _a(BD-RjUL)37540
040 _aDLC
_cDLC
_dDLC
_dBD-RjUL
_beng
041 _aeng
082 0 0 _a574.90948
_bSOL 1978
111 2 _aAll India Symposium on Soil Biology and Ecology,
_b1st,
_cUniversity of Agricultural Sciences,
_d1976.
_9114932
245 1 0 _aSoil biology and ecology in India :
_bproceedings of the first All India Symposium held at UAS, Bangalore, September 22-26, 1976 /
_cedited by C. A. Edwards and G. K. Veeresh.
260 _aBangalore :
_bUniversity of Agricultural Sciences,
_c1978.
300 _axvii, 344 p. :
_bill. ;
_c25 cm.
504 _aIncludes bibliographical references.
650 0 _aSoil biology
_zIndia
_xCongresses.
_9114934
650 0 _aSoil ecology
_zIndia
_xCongresses.
_9114935
700 1 _aEdwards, C. A.
_q(Clive Arthur),
_d1925-
_9114936
700 1 _aVeeresh, G. K.
_9114937
942 _2ddc
_cBK
999 _c37436
_d37436